[Event "Titled Tuesday intern op 08th Aug Early"]
[Site "Chess.com INT"]
[Date "2023.08.08"]
[Round "8"]
[White "Djordjevic, Vuk D"]
[Black "Eynullayev, Atilla Elshan"]
[Result "0-1"]
[WhiteElo "2373"]
[BlackElo "2265"]
[PlyCount "70"]
[EventDate "2023.08.08"]
[EventType "swiss (blitz)"]
[EventRounds "11"]
[EventCountry "USA"]
[SourceTitle "EXT 2024"]
[Source "ChessBase"]
[SourceDate "2023.10.10"]
[SourceVersion "1"]
[SourceVersionDate "2023.10.10"]
[SourceQuality "1"]

1. d4 Nf6 2. Bg5 d5 3. Bxf6 gxf6 4. e3 c5 5. dxc5 Nc6 6. Nf3 Qa5+ 7. Nbd2 Qxc5 8. Be2 Rg8 9. 0-0 Bh3 10. Ne1 0-0-0 11. Kh1 Bf5 12. Bd3 Bg6 13. Bxg6 hxg6 14. c3 e6 15. b4 Qd6 16. a4 Rh8 17. g3 g5 18. a5 Ne5 19. Kg2 f5 20. Nef3 f6 21. Nd4 Rd7 22. Qe2 Rdh7 23. Rh1 Kb8 24. N2b3 f4 25. Nc5 Re7 26. Rad1 Bg7 27. exf4 gxf4 28. Kf1 fxg3 29. fxg3 f5 30. Kg2 Rhe8 31. h3 Nc4 32. Rhe1 Bxd4 33. Rxd4 Rg8 34. Qxc4 Qxg3+ 35. Kf1 Qg2# 0-1